000 01183cam a2200313 i 4500
001 49313
003 Mx-PuUPA
005 20250530091153.0
008 140415s1967 mx gr 001 0 spa d
040 _aMX-PuUPA
_bspa
_erda
_cMx-PuUPA
_dMx-PuUPA
041 1 _aspa
_heng
100 1 _aGere, James M.,
_eautor
240 1 0 _aAnalysis of framed structures.
_lEspañol
245 1 0 _aAnálisis de estructuras reticulares /
_cpor James M. Gere y William Weaver ; traductor Sergio Vargas Romero.
250 _aPrimera edición
264 1 _aMéxico, D.F. :
_bEditorial Continental,
_c1967
300 _a535 páginas ;
_c23 cm.
336 _atexto
_2rdacontent
_btxt
337 _asin mediación
_2rdamedia
_bn
338 _avolumen
_2rdacarrier
_bnc
500 _aReimpresiones: (octava reimpresión, junio, 1982)
650 7 _aEstructuras (Construcción)
_xCálculo
_2armarc
700 1 _aWeaver, William,
_eautor
700 1 _aVargas Romero, Sergio,
_etraductor
765 1 _aGere, James M.
_dPrinceton, N.J. : D. Van Nostrand Compani, ©1965
_tAnalysis of framed structures
942 _2ddc
_cLI
_h511.7
_iG3418
999 _c49313
_d49313